Maryland-green bank galactic 21-CM line survey (Record no. 2921)

MARC details
000 -LEADER
fixed length control field 00621nam a2200193Ia 4500
003 - CONTROL NUMBER IDENTIFIER
control field IN-BaIIA
008 - FIXED-LENGTH DATA ELEMENTS--GENERAL INFORMATION
fixed length control field 211028s9999 xx 000 0 eng d
040 ## - CATALOGING SOURCE
Transcribing agency IIA Library
080 ## - UNIVERSAL DECIMAL CLASSIFICATION NUMBER
Universal Decimal Classification number 084.4(52)
Item number WES
100 ## - MAIN ENTRY--PERSONAL NAME
Personal name Westerhout, Gart
9 (RLIN) 5211
245 #0 - TITLE STATEMENT
Title Maryland-green bank galactic 21-CM line survey
Statement of responsibility, etc. Gart Westerhout
260 ## - PUBLICATION, DISTRIBUTION, ETC.
Place of publication, distribution, etc. Maryland
Name of publisher, distributor, etc. University of Maryland
Date of publication, distribution, etc. 1966
300 ## - PHYSICAL DESCRIPTION
Extent [various pagings.]
650 ## - SUBJECT ADDED ENTRY--TOPICAL TERM
Topical term or geographic name entry element Astronomy and Astrophysics Thesaurus
650 ## - SUBJECT ADDED ENTRY--TOPICAL TERM
Topical term or geographic name entry element Atlas-Galaxies
9 (RLIN) 5212
650 ## - SUBJECT ADDED ENTRY--TOPICAL TERM
Topical term or geographic name entry element Contour Map
9 (RLIN) 5213
650 ## - SUBJECT ADDED ENTRY--TOPICAL TERM
Topical term or geographic name entry element Galactic Survey
9 (RLIN) 5214
942 ## - ADDED ENTRY ELEMENTS (KOHA)
Koha item type Books
Holdings
Withdrawn status Lost status Damaged status Not for loan Home library Current library Shelving location Date acquired Total Checkouts Full call number Barcode Date last seen Price effective from Koha item type Purchase Price
        IIA Library-Bangalore IIA Library-Kodaikanal General Stacks 12/05/1967   084.4(52)/ WES 3246 05/11/2021 12/05/1967 Books Free

Powered by Koha